01009nam a2200241Ia 4500008004100000020001800041082001800059100001700077245003400094250000600128260002500134300001500159500002400174650001600198700003900214942000700253952009800260952009800358952009800456952009800554952009800652999001700750230524s9999 xx 000 0 und d a9789352606184 a621.3824bKRA aJohn.D.kraus 0aAntennas and Wave Propagation a5 aNew DelhibMGHc2018 a"xx,984p;" aQuantity Number: 5 aElectronics a"Ronald.j. Marhefka, Ahmad.S.Khan" cBK 00104070aTATCLbTATCLcGENd2023-05-24l0o621.3824 KRAp57276r2023-05-24w2023-05-24yBK 00104070aTATCLbTATCLcGENd2023-05-24l0o621.3824 KRAp57277r2023-05-24w2023-05-24yBK 00104070aTATCLbTATCLcGENd2023-05-24l0o621.3824 KRAp57278r2023-05-24w2023-05-24yBK 00104070aTATCLbTATCLcGENd2023-05-24l0o621.3824 KRAp57279r2023-05-24w2023-05-24yBK 00104070aTATCLbTATCLcGENd2023-05-24l0o621.3824 KRAp57280r2023-05-24w2023-05-24yBK c59485d59485